000 00524nam a2200193Ia 4500
008 120817t1999 xxu||||| |||| 00| 0 sin d
041 _asin
080 _a8-31 (802.0
_bVON
100 _aVonnegut,Kurt
245 _aරෑ මාතා
246 _aRuu Matha
260 _aWijesooriya
_aMulleriyawa
_c1999
300 _b224p, 21 cm
500 _aSinhalese Translation of Kurt Vonnegut's of Mother Night
700 _aWiyangoda,Gamini
_etr.
942 _cBK
999 _c40325
_d40325
003 LK-CoDNM
040 _aLK-CoDNM
_dLK-CoDNM
_eLK-CoDNM